Online Catalogue and eLibrary

The Hitler of history (Record no. 3422)

MARC details
000 -LEADER
fixed length control field 00398nam a2200169Ia 4500
005 - DATE AND TIME OF LATEST TRANSACTION
control field 20250110051234.0
008 - FIXED-LENGTH DATA ELEMENTS--GENERAL INFORMATION
fixed length control field 240331s9999 xx 000 0 und d
020 ## - INTERNATIONAL STANDARD BOOK NUMBER
ISBN 0375701133
082 ## - DDC Classification
Item Number - Author Mark LUK
Class No. 943.06
100 ## - MAIN ENTRY--PERSONAL NAME
Personal name Lukacs, J
245 #4 - TITLE STATEMENT
Title The Hitler of history
260 ## - PUBLICATION, DISTRIBUTION, ETC.
Place of publication, distribution, etc. New York
Name of publisher, distributor, etc. Vintage Books
Date of publication, distribution, etc. 1998
300 ## - PHYSICAL DESCRIPTION
Extent (e.g. Volumes, Pages etc.) Xiv, 279 p .,
650 ## - SUBJECT ADDED ENTRY--TOPICAL TERM
Topical term or geographic name entry element Biography
650 ## - SUBJECT ADDED ENTRY--TOPICAL TERM
Topical term or geographic name entry element History
942 ## - Koha item type (Biblio)
Koha item type Books in Stacks (Lending)
Holdings
Lost status Damaged status Collection code Home library Current library Shelving location Date acquired Full call number Accession Number Item type
    Lending WERC Library WERC Library Social Science Cupboard 03/31/2024 943.086 LUK 2717 Books in Stacks (Lending)

© WERC Library